Statistiques concernant Quiz Strangers Things

Cliquez ici pour prendre le quiz!

Statistiques générales

  • Ce quiz a été pris 1 078 fois
  • Le résultat moyen est 4 sur 10

Statistiques - réponses

HintRéponse% Correct
Quel est le vrai nom
de max ?
Maxine
81%
Quelle est le nom de
famille de Lucas ?
Sinclair
67%
Comment s'appelle
la fille de Jim Hopper
Sara
59%
Comment s'appelle
le batraciens de Dustin
Dans la saison 2
Dart
58%
Qui est le monstre
de la première saison ?
Le demogorgon
47%
Que déteste le
monstre de l'ombre ?
Le chaud
23%
Quel est le pouvoir de
Onze ?
Télépathie
14%
Quel est le code de La
constante de Plank ?
6,62607004
1%
De la troisième ?Le flageuleur
Mental
1%
Comment sait on quant le
Demogorgon est là ?
Les lumière
cliniote
0%

Distribution des résultats

Percentile par nombre de réponses

% des personnes avec chaque résultat

Votre développement - résultats

Vous n’avez pas pris ce quiz